Machine Design : (Record no. 593527)
[ view plain ]
| 000 -LEADER | |
|---|---|
| fixed length control field | 00365nam a22001457a 4500 |
| 020 ## - INTERNATIONAL STANDARD BOOK NUMBER | |
| International Standard Book Number | 9780135184233 |
| 040 ## - CATALOGING SOURCE | |
| Transcribing agency | NUST |
| 082 ## - DEWEY DECIMAL CLASSIFICATION NUMBER | |
| Classification number | 621.815 NOR |
| 100 ## - MAIN ENTRY--PERSONAL NAME | |
| Personal name | Norton, Robert L. |
| 245 ## - TITLE STATEMENT | |
| Title | Machine Design : |
| Remainder of title | An Integrated Approach |
| 250 ## - EDITION STATEMENT | |
| Edition statement | Sixth Edition |
| 260 ## - PUBLICATION, DISTRIBUTION, ETC. | |
| Place of publication, distribution, etc. | Hoboken: |
| Name of publisher, distributor, etc. | Pearson Education, |
| Date of publication, distribution, etc. | 2020. |
| 650 ## - SUBJECT ADDED ENTRY--TOPICAL TERM | |
| Topical term or geographic name entry element | Machine Design |
| 942 ## - ADDED ENTRY ELEMENTS (KOHA) | |
| Source of classification or shelving scheme | |
| Koha item type | Book |
| Withdrawn status | Lost status | Source of classification or shelving scheme | Damaged status | Not for loan | Permanent Location | Current Location | Shelving location | Date acquired | Total Checkouts | Full call number | Barcode | Checked out | Date last seen | Date last checked out | Price effective from | Koha item type |
|---|---|---|---|---|---|---|---|---|---|---|---|---|---|---|---|---|
| College of Electrical & Mechanical Engineering (CEME) | College of Electrical & Mechanical Engineering (CEME) | General Stacks | 03/06/2023 | 1 | 621.815 NOR | CEME-50227 | 02/22/2026 | 01/23/2026 | 01/23/2026 | 03/06/2023 | Book | |||||
| College of Electrical & Mechanical Engineering (CEME) | College of Electrical & Mechanical Engineering (CEME) | General Stacks | 03/30/2023 | 280 SCB | CEME-50227-A | 03/30/2023 | 03/30/2023 | Book |
